| 000 | 00715nam a2200229 a 4500 | ||
|---|---|---|---|
| 999 |
_c3296 _d3296 |
||
| 001 | 3296 | ||
| 003 | BD-JhCC | ||
| 005 | 20171112175535.0 | ||
| 008 | 171112s bg |||| ||a| 000 0 ben d | ||
| 035 | _a(BD-JhCC)3296 | ||
| 040 |
_aBD-JhCC _dBD-JhCC |
||
| 041 | _aben | ||
| 082 |
_a158.1 _bKAR |
||
| 100 | _aকার্নগী, ডেল | ||
| 245 |
_aদুশ্চিন্তাহীন নতুন জীবন / _cডেল কার্নগী, |
||
| 260 |
_aকুমিল্লা : _bনূরজাহান বেগম, |
||
| 300 |
_a208 p. : _c22 cm. |
||
| 650 | _aSuccess | ||
| 700 | _aগোস্বামী, হিমানিশ (অনু) | ||
| 942 |
_2ddc _cBK |
||